000 00343nam a2200157Ia 4500
003 IT-RoPAU
008 120407s9999 xx 000 0 und d
040 _aIT-RoPAU
040 _cIT-RoPAU
100 _aAlberto Castellani
245 _aI dialoghi di Confucio (Lun Yu)
260 _aSansoni
300 _c cm
490 _v1
942 _cBK
999 _c11387
_d11387